<?xml version="1.0" encoding="UTF-8"?>
<record
    xmlns:xsi="http://www.w3.org/2001/XMLSchema-instance"
    xsi:schemaLocation="http://www.loc.gov/MARC21/slim http://www.loc.gov/standards/marcxml/schema/MARC21slim.xsd"
    xmlns="http://www.loc.gov/MARC21/slim">

  <leader>00741nam a2200241Ia 4500</leader>
  <controlfield tag="005">20220318144519.0</controlfield>
  <controlfield tag="008">210716s2004    xx            000 0 und d</controlfield>
  <datafield tag="020" ind1=" " ind2=" ">
    <subfield code="a">0074517708</subfield>
  </datafield>
  <datafield tag="040" ind1=" " ind2=" ">
    <subfield code="c">AIMIT LIBRARY</subfield>
  </datafield>
  <datafield tag="041" ind1=" " ind2=" ">
    <subfield code="a">eng</subfield>
  </datafield>
  <datafield tag="082" ind1=" " ind2=" ">
    <subfield code="a">331.8 </subfield>
    <subfield code="2">1</subfield>
    <subfield code="b">MONA</subfield>
  </datafield>
  <datafield tag="100" ind1=" " ind2=" ">
    <subfield code="a">Monappa, Arun.</subfield>
    <subfield code="9">24183</subfield>
  </datafield>
  <datafield tag="245" ind1=" " ind2=" ">
    <subfield code="a">Industrial relations /</subfield>
    <subfield code="c">By Arun Monappa.</subfield>
  </datafield>
  <datafield tag="250" ind1=" " ind2=" ">
    <subfield code="a">1st ed.</subfield>
  </datafield>
  <datafield tag="260" ind1=" " ind2=" ">
    <subfield code="a">New Delhi :</subfield>
    <subfield code="b">Tata Mc Graw Hill Publishing Company ,</subfield>
    <subfield code="c">2004.</subfield>
  </datafield>
  <datafield tag="300" ind1=" " ind2=" ">
    <subfield code="a">xii,388p. ;</subfield>
    <subfield code="c">23 cm.</subfield>
  </datafield>
  <datafield tag="650" ind1=" " ind2=" ">
    <subfield code="a">Industrial Relations.</subfield>
    <subfield code="9">24184</subfield>
  </datafield>
  <datafield tag="650" ind1=" " ind2=" ">
    <subfield code="a">The Indian Industrial Worker.</subfield>
    <subfield code="9">24197</subfield>
  </datafield>
  <datafield tag="650" ind1=" " ind2=" ">
    <subfield code="a">Trade Union</subfield>
    <subfield code="9">24198</subfield>
  </datafield>
  <datafield tag="650" ind1=" " ind2=" ">
    <subfield code="a">Employees Federation.</subfield>
    <subfield code="9">24199</subfield>
  </datafield>
  <datafield tag="650" ind1=" " ind2=" ">
    <subfield code="a">Industrial Conflict.</subfield>
    <subfield code="9">24200</subfield>
  </datafield>
  <datafield tag="942" ind1=" " ind2=" ">
    <subfield code="2">ddc</subfield>
    <subfield code="c">BK</subfield>
    <subfield code="e">1st</subfield>
    <subfield code="k">331.8 MONA</subfield>
  </datafield>
  <datafield tag="999" ind1=" " ind2=" ">
    <subfield code="c">197508</subfield>
    <subfield code="d">197508</subfield>
  </datafield>
  <datafield tag="952" ind1=" " ind2=" ">
    <subfield code="0">0</subfield>
    <subfield code="1">0</subfield>
    <subfield code="2">ddc</subfield>
    <subfield code="4">0</subfield>
    <subfield code="7">3</subfield>
    <subfield code="8">MBA</subfield>
    <subfield code="a">AIMIT</subfield>
    <subfield code="b">AIMIT</subfield>
    <subfield code="c">IR</subfield>
    <subfield code="d">2004-04-01</subfield>
    <subfield code="g">125.00</subfield>
    <subfield code="i">Bill no:454;Bill dt:2004-03-02</subfield>
    <subfield code="l">0</subfield>
    <subfield code="o">331.8 MONA</subfield>
    <subfield code="p">MBA00073</subfield>
    <subfield code="r">2025-07-21 00:00:00</subfield>
    <subfield code="v">100.00</subfield>
    <subfield code="w">2021-07-16</subfield>
    <subfield code="y">BK</subfield>
  </datafield>
  <datafield tag="952" ind1=" " ind2=" ">
    <subfield code="0">0</subfield>
    <subfield code="1">0</subfield>
    <subfield code="2">ddc</subfield>
    <subfield code="4">0</subfield>
    <subfield code="7">0</subfield>
    <subfield code="8">MBA</subfield>
    <subfield code="a">AIMIT</subfield>
    <subfield code="b">AIMIT</subfield>
    <subfield code="c">IR</subfield>
    <subfield code="d">2004-04-01</subfield>
    <subfield code="g">125.00</subfield>
    <subfield code="i">Bill no:454;Bill dt:2004-03-02</subfield>
    <subfield code="l">0</subfield>
    <subfield code="o">331.8 MONA</subfield>
    <subfield code="p">MBA00074</subfield>
    <subfield code="r">2025-07-21 00:00:00</subfield>
    <subfield code="v">100.00</subfield>
    <subfield code="w">2021-07-16</subfield>
    <subfield code="y">BK</subfield>
  </datafield>
  <datafield tag="952" ind1=" " ind2=" ">
    <subfield code="0">0</subfield>
    <subfield code="1">0</subfield>
    <subfield code="2">ddc</subfield>
    <subfield code="4">0</subfield>
    <subfield code="7">0</subfield>
    <subfield code="8">MBA</subfield>
    <subfield code="a">AIMIT</subfield>
    <subfield code="b">AIMIT</subfield>
    <subfield code="c">IR</subfield>
    <subfield code="d">2004-04-01</subfield>
    <subfield code="g">125.00</subfield>
    <subfield code="i">Bill no:454; Bill dt:2004-03-02</subfield>
    <subfield code="l">0</subfield>
    <subfield code="o">331.8 MONA</subfield>
    <subfield code="p">MBA00075</subfield>
    <subfield code="r">2025-07-21 00:00:00</subfield>
    <subfield code="v">100.00</subfield>
    <subfield code="w">2021-07-16</subfield>
    <subfield code="y">BK</subfield>
  </datafield>
  <datafield tag="952" ind1=" " ind2=" ">
    <subfield code="0">0</subfield>
    <subfield code="1">0</subfield>
    <subfield code="2">ddc</subfield>
    <subfield code="4">0</subfield>
    <subfield code="7">0</subfield>
    <subfield code="8">MBA</subfield>
    <subfield code="a">AIMIT</subfield>
    <subfield code="b">AIMIT</subfield>
    <subfield code="c">IR</subfield>
    <subfield code="d">2004-04-15</subfield>
    <subfield code="g">125.00</subfield>
    <subfield code="i">Bill no:5935;Bill dt:2004-03-31</subfield>
    <subfield code="l">1</subfield>
    <subfield code="o">331.8 MONA</subfield>
    <subfield code="p">MBA00269</subfield>
    <subfield code="r">2025-07-21 00:00:00</subfield>
    <subfield code="s">2023-12-11</subfield>
    <subfield code="v">100.00</subfield>
    <subfield code="w">2021-07-16</subfield>
    <subfield code="y">BK</subfield>
  </datafield>
  <datafield tag="952" ind1=" " ind2=" ">
    <subfield code="0">0</subfield>
    <subfield code="1">0</subfield>
    <subfield code="2">ddc</subfield>
    <subfield code="4">0</subfield>
    <subfield code="7">0</subfield>
    <subfield code="8">MBA</subfield>
    <subfield code="a">AIMIT</subfield>
    <subfield code="b">AIMIT</subfield>
    <subfield code="c">IR</subfield>
    <subfield code="d">2004-04-15</subfield>
    <subfield code="g">125.00</subfield>
    <subfield code="i">Bill no:5935;Bill dt:2004-03-31</subfield>
    <subfield code="l">0</subfield>
    <subfield code="o">331.8 MONA</subfield>
    <subfield code="p">MBA00270</subfield>
    <subfield code="r">2025-07-21 00:00:00</subfield>
    <subfield code="v">100.00</subfield>
    <subfield code="w">2021-07-16</subfield>
    <subfield code="y">BK</subfield>
  </datafield>
  <datafield tag="952" ind1=" " ind2=" ">
    <subfield code="0">0</subfield>
    <subfield code="1">0</subfield>
    <subfield code="2">ddc</subfield>
    <subfield code="4">0</subfield>
    <subfield code="7">0</subfield>
    <subfield code="8">MBA</subfield>
    <subfield code="a">AIMIT</subfield>
    <subfield code="b">AIMIT</subfield>
    <subfield code="c">IR</subfield>
    <subfield code="d">2010-04-01</subfield>
    <subfield code="e">Donated</subfield>
    <subfield code="l">1</subfield>
    <subfield code="o">331.8 MONA</subfield>
    <subfield code="p">MBA07861</subfield>
    <subfield code="r">2025-07-21 00:00:00</subfield>
    <subfield code="s">2024-06-08</subfield>
    <subfield code="w">2021-07-16</subfield>
    <subfield code="y">DB</subfield>
  </datafield>
</record>
